000 00275nam a22001337a 4500
008 190305b xxu||||| |||| 00| 0 eng d
020 _a9781618656414
041 _aeng
080 _a371
100 _a46
101 _aEDU
245 _aLSAT 2015
_cKaplan
942 _2udc
_cBK
999 _c54585
_d54585